00588 2200217 4500001002100000005001500021035002000036007000300056008004100059020001800100082001000118084001600128100002100144245008300165250001000248260004200258300002600300650001600326700001700342990001100359INLIS00000000001287520220706030638 a0010-0722000359ta220706 g 0 ind  a979-3600-54-3 a155.2 a155.2 DIL g0 aDILA, Ariestiani1 aGirls Guide :bSemua Tentang Cowok /cDila Ariestiani; penyunting, Denny Indra acet.7 aTangerang :bAgroMedia Pustaka,c2006 axii, 119 hlm ;c19 cm 4aKEPRIBADIAN0 aDENNY, Indra a8331 a